|
|
|
|
| LEADER |
00609cam a2200205ua 4500 |
| 008 |
070914t2003||||||||||| 001 ||eng c |
| 041 |
0 |
|
|a eng
|
| 082 |
|
|
|a 958
|b AHM/R
|
| 100 |
0 |
|
|a Ahmed Rashid,
|
| 245 |
0 |
0 |
|a Resurgence of Central Asia: Islam or Nationalism? /
|
| 250 |
|
|
|a 1st ed.
|
| 260 |
|
|
|a London:
|b Zed books,
|c 2003.
|
| 300 |
|
|
|a 278p..
|
| 362 |
1 |
|
|a 2003.
|
| 365 |
|
|
|a Rs
|e pb
|
| 500 |
|
|
|a Includes index.
|
| 650 |
0 |
|
|a Central Asia-History
|
| 942 |
|
|
|c BK
|
| 999 |
|
|
|c 16383
|d 16383
|
| 952 |
|
|
|0 0
|1 0
|4 0
|6 958_000000000000000_AHM
|7 0
|9 17084
|a KUCL
|b KUCL
|d 2014-05-23
|l 0
|o 958 AHM/
|p 15252
|r 2014-05-23
|w 2014-05-23
|y BK
|